| 000 | 01382nam a2200277Ia 4500 | ||
|---|---|---|---|
| 999 |
_c53385 _d53385 |
||
| 001 | 20428 | ||
| 003 | GE_BSU | ||
| 005 | 20201206160217.0 | ||
| 008 | 181216s1986||||ge |||||||||||||| ||geo|| | ||
| 040 | _cGE_BSU | ||
| 041 | _ageo | ||
| 080 | _a811.353.1-84(075.3=161.1) დ-15 | ||
| 100 |
_aდავითიანი, ა. _93905 |
||
| 245 |
_aქართული ენა : _bსაქ. სსრ რუსული სკოლის VIII კლ. სახელმძღვ. / _cა.დავითიანი, ლ. წულაძე, თ. ციხისელი ; რედ. ნ. ნოდია. ა. კაზანჯიანი. |
||
| 250 | _aმე-2 გამოცემა | ||
| 264 |
_aთბილისი : _bგანათლება, _c1986. |
||
| 300 |
_a116 გვ. : _bილ. ; _c21სმ. |
||
| 541 | _h30თ. | ||
| 653 | _aსაქართველოს სსრ რუსული სკოლის VIII კლასის სახელმძღვანელო | ||
| 653 | _aქართული ენა | ||
| 700 |
_a წულაძე, ლ. _eავტორი _99844 |
||
| 700 |
_aციხისელი, თ. _eავტორი _99845 |
||
| 700 |
_aნოდია, ნ. _eრედაქტორი _99840 |
||
| 700 |
_aკაზანჯიანი, ა. _eრედაქტორი _99846 |
||
| 942 |
_cBK _2udc |
||